000 00656nam a2200229Ia 4500
003 OSt
005 20220923225848.0
006 a|||||r|||| 00| 0
007 ta
008 Pun
024 _a275,404
037 _cTextual
040 _aARTS
_cARTS
_bPun
041 _2Pun
_aPun
082 _aO153,1N94:g, K3
100 _aਸਿੰਘ, ਸੁਰਜੀਤ
_9156291
245 0 _aਦੀਵਾਨ ਸਿੰਘ ਕਾਲੇਪਾਣੀ
_b ਕਾਵਿ ਅਧਿਐਨ
260 _c1963
650 _aਪੰਜਾਬੀ ਸਾਹਿਤ
942 _hO153,1N94:g, K3
_cTEXL
_2CC
999 _c380916
_d380916